First Responder’s Toolkit for Evidence Preservation (First Step) / (Record no. 595686)
[ view plain ]
| 000 -LEADER | |
|---|---|
| fixed length control field | 01787nam a22001817a 4500 |
| 003 - CONTROL NUMBER IDENTIFIER | |
| control field | NUST |
| 040 ## - CATALOGING SOURCE | |
| Original cataloging agency | 0 |
| 082 ## - DEWEY DECIMAL CLASSIFICATION NUMBER | |
| Classification number | 005.1,ULL |
| 100 ## - MAIN ENTRY--PERSONAL NAME | |
| Personal name | Ullah, Muattar Ikram |
| 245 ## - TITLE STATEMENT | |
| Title | First Responder’s Toolkit for Evidence Preservation (First Step) / |
| Statement of responsibility, etc. | Muattar Ikram Ullah, Syeda Rehaab Ali, Maryam Ghafoor |
| 264 ## - PRODUCTION, PUBLICATION, DISTRIBUTION, MANUFACTURE, AND COPYRIGHT NOTICE | |
| Place of production, publication, distribution, manufacture | MCS, NUST |
| Name of producer, publisher, distributor, manufacturer | Rawalpindi |
| Date of production, publication, distribution, manufacture, or copyright notice | 2023 |
| 300 ## - PHYSICAL DESCRIPTION | |
| Extent | 133 p |
| 505 ## - FORMATTED CONTENTS NOTE | |
| Formatted contents note | This project has been designed for investigation agencies that are involved in crime scene investigation and evidence collection and preservation. The problem addressed is the possibilities of loss of evidence in the current system in which the evidence capturing, storing and maintenance of chain of custody is such that the chain of custody is maintained on paper duly signed and stored in files. This current procedure is comparatively time consuming, highly dependent on human interactions and has a risk of integrity issues.<br/>We are proposing a solution for this by building a system that automates the process of evidence listing from the images, provides security to the system and preserves the integrity of the system and the sensitive data by using machine learning techniques and blockchain technology.<br/>The First Responder, i.e. the first person to reach the crime scene and collect the evidence, when captures images will upload them to the system which will automatically generate a list of evidence from the images and store it onto the blockchain. The chain of custody will also be maintained on the blockchain to preserve the integrity of the data. This will ensure that no one can change the data and the evidence will also be preserved. |
| 650 ## - SUBJECT ADDED ENTRY--TOPICAL TERM | |
| Topical term or geographic name entry element | UG BESE |
| 690 ## - LOCAL SUBJECT ADDED ENTRY--TOPICAL TERM (OCLC, RLIN) | |
| Topical term or geographic name as entry element | BESE-25 |
| 700 ## - ADDED ENTRY--PERSONAL NAME | |
| Personal name | Supervisor Dr. Shahzaib Tahir |
| 942 ## - ADDED ENTRY ELEMENTS (KOHA) | |
| Source of classification or shelving scheme | |
| Koha item type | Project Report |
| Withdrawn status | Permanent Location | Current Location | Shelving location | Date acquired | Full call number | Barcode | Koha item type |
|---|---|---|---|---|---|---|---|
| Military College of Signals (MCS) | Military College of Signals (MCS) | General Stacks | 08/30/2023 | 005.1,ULL | MCSPCS-470 | Project Report |
